LEADER 00974nam a2200253 4500 001 000000361433 003 CaOOAMICUS 005 20250124101129.0 008 250124s2012 it 000 u ita r 020 $a978-88-06-21240-7 040 $aSeMil$bita 100 1 $aAmmaniti, Niccolò,$d<1966- >.$0(OLS)http://semarc/name/42219 245 13$aIl momento è delicato /$cNicolò Ammaniti. 264 1$aTorino :$bEinaudi,$c2012. 300 $aXIII, 367 p. ;$c22 cm 490 1 $aEinaudi. Stile Libero Big 830 0$aEinaudi stile libero. Big.$0(OLS)http://semarc/title/12697 850 $aSeMil 852 $aSeMil$W1$xVenegono$y1$m1B IV 263$j254226$B252396$CSeMilBibl$Z2$F252396 $81 961 $aCucchetti don Stefano - Omaggio 996 $6020$a978-88-06-21240-7$9(OLS)http://semarc/number/302287 996 $6245$aIl momento è delicato$9(OLS)http://semarc/title/452161 996 $6264$aTorino :$bEinaudi$9(OLS)http://semarc/publisher/29884 LEADER 00746nam a2200205 i 4500 001 000000206766 003 CaOOAMICUS 005 20111012000000.0 008 111012s1883 it u000 u ita u 013 $a185538 040 $aSeMil$bita 100 1 $aGuerrini, Olindo,$d<1845-1916>.$0(OLS)http://semarc/name/11349 245 10$aSerie prima. 300 $a184 p. 490 0 $aCollezione Sommaruga ;$v14 773 0 $aGuerrini, Olindo <1845-1916>$tBrandelli.$dRoma : A. Sommaruga e C., 1883.$g1$w()25567 830 0$aCollezione Sommaruga ;$v14.$0(OLS)http://semarc/title/34436 850 $aSeMil 852 $aSeMil$W1$xVenegono$y1$m1R II 35 FA$j157229$B157229$CSeMilBibl$Z2$F168549 $8I 996 $6245$aSerie prima$9(OLS)http://semarc/title/120386